All MCU Villains (Major & Minor) - Statistics

General Stats
  • This quiz has been taken 519 times
  • The average score is 26 of 53
Answer Stats
Movie Villain(s) % Correct
Thor (2011) Loki
90%
Marvel's The Avengers (2012) Loki
90%
Avengers: Infinity War (2018) Thanos
88%
Captain America: The First Avenger (2011 Red Skull
86%
Avengers: Age of Ultron (2015) Ultron
85%
Iron Man 2 (2010) Whiplash
84%
Iron Man (2008) Iron Monger
82%
Captain America: The Winter Soldier (2014) The Winter Soldier
81%
The Incredible Hulk (2008) Abomination
80%
Spider-Man: Homecoming (2017) The Vulture
78%
Guardians of the Galaxy Vol. 2 (2017) Ego
77%
Thor: Ragnarok (2017) Hela The Goddess of Death
76%
Black Panther (2018) Erik Killmonger
74%
Ant-Man (2015) Yellowjacket
74%
Guardians of the Galaxy (2014) Ronan The Accuser
73%
Captain America: Civil War (2016) Helmut Zemo
70%
Doctor Strange (2016) Dormammu
67%
Justin Hammer
67%
Thor: The Dark World (2013) Malekith
63%
Iron Man 3 (2013) Aldrich Killian/The Mandarin
62%
Ant-Man and The Wasp (2018) Ghost
61%
Name The Black Order members Ebony Maw
57%
Arnim Zola
56%
General Thunderbolt Ross
54%
Proxima Midnight
54%
The Shocker
49%
Ulysses Klaue
49%
Black Dwarf/Cull Obsidian
48%
Kaecillius
48%
Alexander Pierce
46%
Corvus Glaive
45%
Surtur
42%
Hydra
40%
Hydra
40%
Destroyer
34%
The Maximoff Twins (For Most of the Film)
34%
Ayesha
32%
Kurse
30%
Taserface
30%
The Executioner/Skurge (For Most of the Film)
26%
The Tinkerer
24%
Arnim Zola
23%
Frost Giants of Jotunheim
22%
The Dark Elves
18%
The Black Order
15%
The Ten Rings
11%
The Sovereign
10%
The Ravagers (For Most of the Film)
9%
Extremis Users
6%
The Chitauri
6%
Hammerdrones
3%
The Ravagers
1%
Ultron's Army
1%
No matching quizzes found
Score Distribution
Percent of People with Each Score
Percentile by Number Answered
Your Score History
You have not taken this quiz